STRATEGIC CONGRUENCE AND THE PERFORMANCE OF NON-PROFIT ORGANIZATIONS: A CASE STUDY OF COMPASSION INTERNATIONAL CHILD DEVELOPMENT CENTRES IN NYANZA, KENYA.. (Record no. 217137)

MARC details
000 -LEADER
fixed length control field 00707nam a22001577a 4500
008 - FIXED-LENGTH DATA ELEMENTS--GENERAL INFORMATION
fixed length control field 260514b |||||||| |||| 00| 0 eng d
050 ## - LIBRARY OF CONGRESS CALL NUMBER
Classification number THE HD 62.6 .M65 2026
100 ## - MAIN ENTRY--PERSONAL NAME
Personal name MOKEBO, ERIC NYAMIOBO
245 ## - TITLE STATEMENT
Title STRATEGIC CONGRUENCE AND THE PERFORMANCE OF NON-PROFIT ORGANIZATIONS: A CASE STUDY OF COMPASSION INTERNATIONAL CHILD DEVELOPMENT CENTRES IN NYANZA, KENYA..
260 ## - PUBLICATION, DISTRIBUTION, ETC.
Place of publication, distribution, etc. KISII,
Name of publisher, distributor, etc. KISII UNIVERSITY PRESS.
Date of publication, distribution, etc. 2026.
300 ## - PHYSICAL DESCRIPTION
Extent XVII, 171 P,ILL
500 ## - GENERAL NOTE
General note INCLUDES BIBLIOGRAPHIC REFERENCES.
650 ## - SUBJECT ADDED ENTRY
Topical term or geographic name entry element CHARITABLE ORGANIZATION- KENYA- PERFORMANCE. 2. STRATEGIC P0LANNING- KENYA- CASE STUDIES. 3. COMPASSION INTERNATIONAL- KENYA- CASE STUDIES.
942 ## - ADDED ENTRY ELEMENTS (KOHA)
Source of classification or shelving scheme Library of Congress Classification
Koha item type Reference
Holdings
Withdrawn status Lost status Source of classification or shelving scheme Damaged status Not for loan Collection Home library Current library Shelving location Date acquired Inventory number Total checkouts Full call number Barcode Date last seen Copy number Price effective from Koha item type
    Library of Congress Classification     Special Research Kisii University Library Kisii University Library On Display 05/14/2026 113721   THE HD 62.6 .M65 2026 A000414 05/14/2026 1 05/14/2026 Reference